Differential and Integral Equations, 2/E (Record no. 316829)
[ view plain ]
| 000 -LEADER | |
|---|---|
| fixed length control field | 00322 a2200133 4500 |
| 001 - CONTROL NUMBER | |
| control field | 81756 |
| 082 ## - DEWEY DECIMAL CLASSIFICATION NUMBER | |
| Classification number | 515.2 PAR |
| 090 ## - LOCALLY ASSIGNED LC-TYPE CALL NUMBER (OCLC); LOCAL CALL NUMBER (RLIN) | |
| -- | 39818 |
| -- | 39818 |
| 100 ## - MAIN ENTRY--PERSONAL NAME | |
| Personal name | Parashar,B.P |
| 245 ## - TITLE STATEMENT | |
| Title | Differential and Integral Equations, 2/E |
| 250 ## - EDITION STATEMENT | |
| Edition statement | 2 |
| 260 ## - PUBLICATION, DISTRIBUTION, ETC. | |
| Place of publication, distribution, etc. | ND |
| Name of publisher, distributor, etc. | CBS Publishers & Distributors |
| Date of publication, distribution, etc. | 2002 |
| 300 ## - PHYSICAL DESCRIPTION | |
| Extent | xviii, 526 |
| 942 ## - ADDED ENTRY ELEMENTS (KOHA) | |
| Institution code [OBSOLETE] | NUST-CAE |
| Call number prefix | 515.2 PAR |
| Withdrawn status | Lost status | Damaged status | Not for loan | Collection code | Permanent Location | Current Location | Date acquired | Total Checkouts | Full call number | Barcode | Date last seen | Price effective from | Koha item type |
|---|---|---|---|---|---|---|---|---|---|---|---|---|---|
| College of Aeronautical Engineering (CAE) | College of Aeronautical Engineering (CAE) | 04/03/2017 | 515.2 PAR | CAEN-3408 | 04/05/2017 | 04/05/2017 | Book |
